000 00254nam a2200097Ia 4500
001 807692
005 20250826171236.0
008 250824s9999 xx 000 0 und d
245 0 _aKAYI II CİHAN DEVLETİ
_cAHMET ŞİMŞİRGİL
260 _bTİMAŞ YAYINLARI
999 _c807692
_d807692